Το νέο Μουσείο της Ακρόπολης : διά πυρός και σιδήρου
Αποθηκεύτηκε σε:
| Κύριος συγγραφέας: | |
|---|---|
| Μορφή: | Βιβλίο |
| Γλώσσα: | Greek |
| Δημοσίευση: |
Αθήνα :
Παπασωτηρίου,
2011
|
| Θέματα: | |
| Ετικέτες: |
Προσθήκη ετικέτας
Δεν υπάρχουν, Καταχωρήστε ετικέτα πρώτοι!
|
MARC
| LEADER | 00000cam a2200000 i 4500 | ||
|---|---|---|---|
| 001 | 1/48597 | ||
| 008 | 140603s2011 gre d | ||
| 020 | |a 978-960-718-297-5 | ||
| 035 | |l 10117854 | ||
| 040 | |a GR-MY-UA |b gre |e aacr | ||
| 041 | 0 | |a gre | |
| 082 | 0 | |a 069.09495 |2 (23) | |
| 100 | 1 | |a Φιλιπποπούλου, Έρση. | |
| 245 | 1 | 3 | |a Το νέο Μουσείο της Ακρόπολης : |b διά πυρός και σιδήρου / |c Έρση Φιλιπποπούλου |
| 260 | |a Αθήνα : |b Παπασωτηρίου, |c 2011 | ||
| 300 | |a 470 σ.; |b εικ.; |c 25 εκ. | ||
| 504 | |a Περιέχει βιβλιογραφικές σημειώσεις (σ. 443-468) | ||
| 610 | 2 | 0 | |a Μουσείο Ακρόπολης. |
| 650 | 0 | 0 | |a Museums |z Greece |z Athens. |
| 852 | |a INST |b LESVOS |e 20140603 |h 069.09495 ΦΙΛ |p 005100054312 |q 005100054312 |t BK |y 0 | ||
| 901 | |a BIBL1-2014-2 | ||
| 909 | |a Λ |b 189579 | ||
| 970 | |a ΤΖΑΦΕΡΗ |b ΕΥΑΓΓΕΛΙΑ |z 2014/06/04 | ||